Word Ladder: Product Mascot with an Ascot Quiz Stats

Quiz Updated Aug 3, 2015

Challenge
Share
Tweet
Embed
Score 0/28 Timer 03:00
1 Play Today
Hint 4-Letter Word % Correct
Have an informal talkCHAT
95.4%
Boy scout's shelterTENT
93.5%
Clenched handFIST
93.2%
No longer straightBENT
93.1%
Layer of paintCOAT
92%
World's 7th largest auto makerFIAT
90.9%
Incredible accomplishmentFEAT
90.8%
Place at a dinner tableSEAT
90.5%
Morse or semaphoreCODE
90.3%
Young male horseCOLT
90.3%
If 'bussed' is 'bust', then 'kissed' is thisKIST
90.1%
Color somethingTINT
89.5%
Mother Goose's Old KingCOLE
89.1%
Fork prongTINE
88.9%
Hint 4-Letter Word % Correct
DefeatBEAT
88%
ScorchCHAR
87.5%
Rich source - a mother ____LODE
85.7%
Beatles' 'Ob-La-Di, Ob-__-__'LA DA
84%
RBIs, TDs or 3Pt%STAT
82.6%
Prominently talented player on a teamSTAR
81.6%
DittyTUNE
79.1%
Load a shipLADE
78.8%
Harry Potter's ____ LovegoodLUNA
78.8%
ScorchSEAR
77.2%
WithstandBEAR
76.4%
Nickname for Jim Halpert or Bill ParcellsTUNA
73.6%
Jazz singer HorneLENA
73%
Helen of Troy's motherLEDA
65.5%

Today's Daily Dose

Word Ladder
Summertime

On This Day
June 23rd II

You're not logged in!

Compare scores with friends on all Sporcle quizzes.
Join for Free
OR
Log In

You Might Also Like...

Show Comments

Extras

Top Quizzes Today


Score Distribution

Your Account Isn't Verified!

In order to create a playlist on Sporcle, you need to verify the email address you used during registration. Go to your Sporcle Settings to finish the process.

Report this User

Report this user for behavior that violates our Community Guidelines.

Details: